| 000 | 01621nam a2200445 i 4500 | ||
|---|---|---|---|
| 001 | 34317 | ||
| 003 | KOSZ 005 | ||
| 005 | 20200103121604.0 | ||
| 008 | 980713s1997 pl a f f |001 0 pol | ||
| 015 | _aPB 1997/17682 | ||
| 020 | _a8301121483 | ||
| 040 |
_aWA N _cWA N _dKOSZ 005/HR |
||
| 046 | _k1996 | ||
| 080 | _a005.1 | ||
| 080 | _a(075.8) | ||
| 245 | 0 | 0 |
_aZarządzanie : _bteoria i praktyka / _cred. nauk. Andrzej K[rzysztof] Koźmiński, Włodzimierz Piotrowski ; aut. Krystyna Bolesta-Kukułka [et al.]. |
| 250 | _aWyd. 3 popr. i rozsz., [dodr. 2]. | ||
| 260 |
_aWarszawa : _bWydaw. Naukowe PWN, _c1997. |
||
| 300 |
_a721, [1] s. : _brys., wykr. ; _c25 cm. |
||
| 336 |
_2rdacontent _aTekst _btxt |
||
| 337 |
_2rdamedia _aBez urządzenia pośredniczącego _bn |
||
| 338 |
_2rdacarrier _aWolumin _bnc |
||
| 380 | _aKsiążki | ||
| 380 | _aPublikacje dydaktyczne | ||
| 385 |
_mPoziom nauczania _aSzkoły wyższe |
||
| 388 | _a1901-2000 | ||
| 388 | _a1989-2000 | ||
| 504 | _aBibliogr. przy rozdz. - Indeksy. | ||
| 650 | 4 | _aOrganizacja | |
| 650 | 4 | _aZarządzanie | |
| 655 | 4 | _aPodręczniki akademickie | |
| 658 | _aZarządzanie i marketing | ||
| 700 | 1 |
_aKoźmiński, Andrzej Krzysztof _d(1941- ) _eRedakcja |
|
| 700 | 1 |
_aPiotrowski, Włodzimierz _eRedakcja |
|
| 700 | 1 |
_aBolesta-Kukułka, Krystyna _d(1941-2004) _eAutor |
|
| 710 | 2 |
_aWydawnictwo Naukowe PWN _4pbl. |
|
| 856 |
_uhttp://koha.tu.koszalin.pl/cgi-bin/koha/opac-detail.pl?biblionumber=34317 _yKatalog online BPK |
||
| 856 |
_uhttp://libra.ibuk.pl/book/39943 _yIBUK |
||
| 942 |
_2UKD _cKS |
||
| 999 |
_c34317 _d34317 |
||